Golfers who Completed a Career Grand Slam - Statistics

General Stats
  • This quiz has been taken 468 times
  • The average score is 4 of 5
Answer Stats
Year Golfer % Correct
2000 Tiger Woods
100%
1966 Jack Nicklaus
92%
1965 Gary Player
68%
1953 Ben Hogan
63%
1935 Gene Sarazen
34%
No matching quizzes found
Score Distribution
Percent of People with Each Score
Percentile by Number Answered
Your Score History
You have not taken this quiz